Vật liệu kỹ thuật điện Tính chất - Đặc điểm - Thành phần công nghệ và ứng dụng

Gespeichert in:
Bibliographische Detailangaben
1. Verfasser: Nguyễn Xuân Phú
Format: Buch
Sprache:Undetermined
Veröffentlicht: H. KHKT 2001
Schlagworte:
Tags: Tag hinzufügen
Keine Tags, Fügen Sie den ersten Tag hinzu!
Thư viện lưu trữ: Trung tâm Học liệu Trường Đại học Cần Thơ
LEADER 00639nam a2200205Ia 4500
001 CTU_48694
008 210402s9999 xx 000 0 und d
020 |b 30.000đ 
082 |a 621.3 
082 |b Ph500 
100 |a Nguyễn Xuân Phú 
245 0 |a Vật liệu kỹ thuật điện 
245 0 |b Tính chất - Đặc điểm - Thành phần công nghệ và ứng dụng 
245 0 |c Nguyễn Xuân Phú 
260 |a H. 
260 |b KHKT 
260 |c 2001 
650 |a electric apparatus and appliances 
904 |i Minh, 980226 
980 |a Trung tâm Học liệu Trường Đại học Cần Thơ